00407nam a22001577a 450000500170000001000150001702000120003203500140004403700090005808200080006724500540007525000060012926000460013527000470018130000210022820250128110711.0 aENG-143613 c1000.00 aEN-127145 bDBAD a523 aIndian Meteorites/cBy Geological Survey of India a1 aKolkatabGeological Survey of Indiac2014 a27, Jawaharlal Nehru RoadbKolkatae700016 a72p. c22cm (hb)